| 000 | 01123nam a22002657a 4500 | ||
|---|---|---|---|
| 999 |
_c102579 _d102579 |
||
| 005 | 20230614103009.0 | ||
| 010 | _a1617EN ENG-118461 B-663890 ENG-137133 | ||
| 020 |
_a9789382059318 _c695.00 |
||
| 035 | _aB-647781-782 | ||
| 035 | _aEN-101993 EN120665 | ||
| 035 | _aB-663890 | ||
| 037 |
_adpl _bBookwell |
||
| 037 | _bDBAD/PUB | ||
| 082 | _a821.912 | ||
| 245 |
_aTagore and Japan : _cedited by Banerjee [and] Kundu Anindya _bdialogue, exchange and encounter / |
||
| 260 |
_aNew Delhi _bSynergy Book India _c2016 |
||
| 270 |
_a24/4800, Ansari Road, Darya Ganj, _bNew Delhi _e110002 |
||
| 300 |
_aviii,164p. _c23cm(Hb) _bB & W Photos |
||
| 500 | _aIncludes index | ||
| 700 | _aBanerjee, Pratyay | ||
| 700 | _aKundu, Anindya | ||
| 942 |
_2ddc _cEN _mTAG _h821.912 |
||